Estatutos de la Compañía Salitrera El Loa aprobados por Decreto Supremo de 13 de septiembre de 1905
Збережено в:
| Співавтор: | |
|---|---|
| Формат: | Книга |
| Мова: | Іспанська |
| Опубліковано: |
Valparaíso
Sociedad Imprenta y Litografía Universo
1911
|
| Редагування: | 1a. ed |
| Предмети: | |
| Теги: |
Додати тег
Немає тегів, Будьте першим, хто поставить тег для цього запису!
|
MARC
| LEADER | 00000nam a2200000 a 4500 | ||
|---|---|---|---|
| 001 | UCJ6021 | ||
| 003 | CL-VaPUC | ||
| 008 | 070124e19110000CL |||||||||||||||||spa|d | ||
| 082 | 0 | 4 | |a 918.3 |b COM |2 21 |
| 110 | 2 | |a Compañía Salitrera El Loa |e author |9 512174 | |
| 245 | 1 | 0 | |a Estatutos de la Compañía Salitrera El Loa aprobados por Decreto Supremo de 13 de septiembre de 1905 |
| 250 | |a 1a. ed | ||
| 300 | |a 25 p | ||
| 942 | |c BK | ||
| 945 | |d 20070124 00:00:00 |a rinostro | ||
| 260 | |a Valparaíso |b Sociedad Imprenta y Litografía Universo |c 1911 | ||
| 650 | 0 | |a Industria salitrera |9 440309 | |
| 650 | 0 | |a Salitre |9 313872 | |
| 650 | 7 | |a DOCUMENTOS |2 CL-VaPUC |9 366450 | |
| 650 | 7 | |a ESTATUTOS |2 CL-VaPUC |9 259253 | |
| 583 | |a last modification |c 20070124 00:00:00 |k Rodrigo Vera | ||
| 999 | |c 322129 |d 322127 | ||
| 952 | |0 0 |1 0 |4 0 |6 918_300000000000000_COM_1911 |7 0 |8 X |9 401049 |a FDOBUD |b FDOBUD |d 2019-11-22 |i 1042734 |o 918.3 COM 1911 |p 1042734 |r 2019-11-22 |w 2019-11-22 |y BK_X |k BUD | ||